Countries with a Birth Rate Above Replacement Level - Statistics

General Stats
  • This quiz has been taken 20 times
  • The average score is 81 of 91
Answer Stats
Birth Rate Country % Correct
4.66 Afghanistan
100%
5.90 Democratic Republic of the Congo
100%
2.71 Egypt
100%
3.80 Gambia
100%
3.30 Ghana
100%
3.17 Iraq
100%
5.79 Niger
100%
3.71 South Sudan
100%
4.19 Sudan
100%
2.66 Syria
100%
2.63 Turkmenistan
100%
2.67 Algeria
95%
4.95 Angola
95%
2.11 Bangladesh
95%
2.51 Cambodia
95%
4.19 Cameroon
95%
5.81 Central African Republic
95%
5.94 Chad
95%
2.20 Dominican Republic
95%
3.81 Ethiopia
95%
2.59 Haiti
95%
2.10 Indonesia
95%
2.75 Israel
95%
4.17 Ivory Coast
95%
2.95 Kazakhstan
95%
3.12 Kenya
95%
2.75 Kyrgyzstan
95%
2.36 Laos
95%
2.64 Lesotho
95%
2.18 Morocco
95%
4.30 Nigeria
95%
3.50 Pakistan
95%
4.05 Republic of the Congo
95%
3.71 Senegal
95%
3.61 Sierra Leone
95%
2.99 Tajikistan
95%
3.45 Uzbekistan
95%
4.41 Yemen
95%
4.42 Benin
90%
4.01 Burkina Faso
90%
4.68 Burundi
90%
2.58 Djibouti
90%
3.61 Eritrea
90%
2.68 Eswatini
90%
3.54 Gabon
90%
3.79 Liberia
90%
5.42 Mali
90%
4.56 Mauritania
90%
4.62 Mozambique
90%
2.48 Oman
90%
3.59 Rwanda
90%
2.29 Saudi Arabia
90%
2.19 South Africa
90%
4.07 Togo
90%
4.04 Equatorial Guinea
85%
4.04 Guinea
85%
3.68 Guinea-Bissau
85%
2.57 Jordan
85%
3.09 Kiribati
85%
2.21 Lebanon
85%
2.25 Libya
85%
3.85 Madagascar
85%
3.53 Malawi
85%
3.03 Papua New Guinea
85%
3.75 Samoa
85%
3.53 São Tomé and Príncipe
85%
5.91 Somalia
85%
2.21 Suriname
85%
4.47 Tanzania
85%
3.07 Tonga
85%
3.53 Vanuatu
85%
3.97 Zambia
85%
3.62 Zimbabwe
85%
2.66 Botswana
80%
2.37 Guyana
80%
2.45 Honduras
80%
2.82 Marshall Islands
80%
2.71 Micronesia
80%
2.59 Mongolia
80%
3.25 Nauru
80%
2.18 Nicaragua
80%
3.47 Solomon Islands
80%
4.06 Uganda
80%
2.26 Guatemala
75%
3.17 Namibia
75%
2.56 Timor-Leste
75%
3.14 Tuvalu
75%
3.76 Comoros
70%
2.25 Fiji
70%
2.50 Bolivia
65%
2.40 Paraguay
65%
No matching quizzes found
Score Distribution
Percent of People with Each Score
Percentile by Number Answered
Your Score History
You have not taken this quiz